LEADER 02120nam a2200337 i 4500 001 991002422659707536 008 070509s2003 gw 000 0 eng 020 $a3882462477 035 $ab13524732-39ule_inst 040 $aDip.to Beni Arti e Storia$bita 245 10$aRoutes for tourism and culture :$bsome examples for creating thematic routes from Italy, Greece, Portugal and Germany /$cJurgen Schmude and Anna Trono 260 $aResensburg :$bUniversitat Regensburg, Wirtschaftsgeographie und Tourismusforschung,$c2003 300 $aXII, 155 p. :$bill. ;$c30 cm + CD rom 440 0$aBeitrage zur Wirtschaftsgeographie Regensburg ;$v5 650 4$aTurismo$xCultura 700 1 $aTrono, Anna$eauthor$4http://id.loc.gov/vocabulary/relators/aut$0252160 700 1 $aSchmude, Jurgen$eauthor$4http://id.loc.gov/vocabulary/relators/aut$0738659 907 $a.b13524732$b12-01-16$c09-05-07 912 $a991002422659707536 945 $aLE019 A10 GEO F 36$g1$i2019000016490$lle019$o-$pE0.00$q-$rl$s- $t0$u1$v0$w1$x0$y.i14447538$z09-05-07 945 $aLE019 A10 GEO F 41$g1$i2019000016544$lle019$op$pE0.00$q-$rl$s- $t0$u1$v0$w1$x0$y.i14885232$z20-11-08 945 $aPresso uff. dott. Manfredi$g3$i2019000060066$lle019$op$pE0.00$q-$rl$s- $t0$u0$v0$w0$x0$y.i15344332$z10-11-11 945 $aLE019 A10 GEO F 37$g2$i2019000016506$lle019$og$pE0.00$q-$rl$s- $t0$u0$v0$w0$x0$y.i15706953$z12-01-16 945 $aLE019 A10 GEO F 38$g5$i2019000016513$lle019$og$pE0.00$q-$rl$s- $t0$u0$v0$w0$x0$y.i15706977$z12-01-16 945 $aLE019 A10 GEO F 39$g6$i2019000016537$lle019$og$pE0.00$q-$rl$s- $t0$u0$v0$w0$x0$y.i15706990$z12-01-16 945 $aLE019 A10 GEO F 40$g7$i2019000016520$lle019$og$pE0.00$q-$rl$s- $t0$u0$v0$w0$x0$y.i15707040$z12-01-16 945 $aLE019 A10 GEO F 42$g8$i2019000016551$lle019$og$pE0.00$q-$rl$s- $t0$u0$v0$w0$x0$y.i15707052$z12-01-16 945 $aLE019 A10 GEO F 43$g9$i2019000016568$lle019$og$pE0.00$q-$rl$s- $t0$u0$v0$w0$x0$y.i15707064$z12-01-16 996 $aRoutes for tourism and culture$91463130 997 $aUNISALENTO 998 $ale019$b09-05-07$cm$da $e-$feng$gge $h0$i0 LEADER 01243nam2 22002891i 450 001 UON00190387 005 20231205103212.292 010 $a06-910988-0-8 100 $a20030730f1981 |0itac50 ba 101 $aeng 102 $aGB 105 $a|||| 1|||| 200 1 $aLogic$fSamuel Taylor Coleridge$gedited by J.R. de J. Jackson 210 $aLondon$cRoutledge & Kegan Paul$dc1981 215 $alxvii, 420 p.$d23 cm. 461 1$1001UON00435912$12001 $aˆThe ‰collected works of Samuel Taylor Coleridge$fgeneral editor$eKathleen Coburn ; associate editor$eBart Winer$1210 $aLondon$cRoutledge & Kegan Paul$dc1971-$1215 $av.$d23 cm.$v13 620 $aGB$dLondon$3UONL003044 676 $a820$cLetteratura inglese e antico inglese$v21 700 1$aCOLERIDGE$bSamuel Taylor$3UONV111877$0163475 702 1$aJackson$bJ.R. de J.$3UONV111920 712 $aRoutledge & K. Paul$3UONV246770$4650 801 $aIT$bSOL$c20240220$gRICA 899 $aSIBA - SISTEMA BIBLIOTECARIO DI ATENEO$2UONSI 912 $aUON00190387 950 $aSIBA - SISTEMA BIBLIOTECARIO DI ATENEO$dSI Angl IV A COL 14 $eSI LO 16814 5 14 996 $aLogic$9172682 997 $aUNIOR